| 000 -LEADER |
| fixed length control field |
00698cam a2200217 i 4500 |
| 005 - DATE AND TIME OF LATEST TRANSACTION |
| control field |
20240116135858.0 |
| 008 - FIXED-LENGTH DATA ELEMENTS--GENERAL INFORMATION |
| fixed length control field |
130301s2013 hiu b s001 0 eng c |
| 020 ## - INTERNATIONAL STANDARD BOOK NUMBER |
| International Standard Book Number |
9780824835835 (cloth : alk. paper) |
| 042 ## - AUTHENTICATION CODE |
| Authentication code |
pcc |
| 043 ## - GEOGRAPHIC AREA CODE |
| Geographic area code |
a-ii--- |
| 082 00 - DEWEY DECIMAL CLASSIFICATION NUMBER |
| Classification number |
720.1/08 |
| Edition number |
23 |
| 100 1# - MAIN ENTRY--PERSONAL NAME |
| Personal name |
Ashraf, Kazi Khaleed, |
| Relator term |
author. |
| 245 14 - TITLE STATEMENT |
| Title |
The hermit's hut : |
| Remainder of title |
architecture and asceticism in India / |
| Statement of responsibility, etc |
Kazi K. Ashraf. |
| 300 ## - PHYSICAL DESCRIPTION |
| Extent |
xiii, 222 pages ; |
| Dimensions |
27 cm. |
| 490 1# - SERIES STATEMENT |
| Series statement |
Spatial habitus |
| 504 ## - BIBLIOGRAPHY, ETC. NOTE |
| Bibliography, etc |
Includes bibliographical references (pages 207-215) and index. |
| 650 #0 - SUBJECT ADDED ENTRY--TOPICAL TERM |
| Topical term or geographic name as entry element |
Buddhist architecture |
| Geographic subdivision |
India. |
| 650 #0 - SUBJECT ADDED ENTRY--TOPICAL TERM |
| Topical term or geographic name as entry element |
Asceticism |
| General subdivision |
Buddhism. |
| 830 #0 - SERIES ADDED ENTRY--UNIFORM TITLE |
| Uniform title |
Spatial habitus (Series) |
| 942 ## - ADDED ENTRY ELEMENTS (KOHA) |
| Source of classification or shelving scheme |
|